Central Library OPAC University of Rajshahi

The Meiji restoration / (Record no. 25062)

MARC details
000 -LEADER
fixed length control field 00897cam a2200277 4500
001 - CONTROL NUMBER
control field 25062
003 - CONTROL NUMBER IDENTIFIER
rucl marc code BD-RjUL
005 - DATE AND TIME OF LATEST TRANSACTION
control field 20211209050826.0
008 - FIXED-LENGTH DATA ELEMENTS--GENERAL INFORMATION
fixed length control field 140316s1972 caub b 001 0 eng
020 ## - INTERNATIONAL STANDARD BOOK NUMBER
International Standard Book Number 0804708150
035 ## - SYSTEM CONTROL NUMBER
System control number (BD-RjUL)25131
040 ## - CATALOGING SOURCE
Original cataloging agency DLC
Transcribing agency DLC
Modifying agency DLC
-- BD-RjUL
Language of cataloging eng
041 ## - LANGUAGE CODE
Language code of text/sound track or separate title eng
082 00 - DEWEY DECIMAL CLASSIFICATION NUMBER
Classification number 952.031
Author mark and year BEM
100 1# - MAIN ENTRY--PERSONAL NAME
Personal name Beasley, W. G.
Fuller form of name (William G.),
Dates associated with a name 1919-2006.
9 (RLIN) 77012
245 14 - TITLE STATEMENT
Title The Meiji restoration /
Statement of responsibility, etc. by W. G. Beasley.
260 ## - PUBLICATION, DISTRIBUTION, ETC. (IMPRINT)
Place of publication, distribution, etc. Stanford, Calif. :
Name of publisher, distributor, etc. Stanford University Press,
Date of publication, distribution, etc. 1972.
300 ## - PHYSICAL DESCRIPTION
Pagination vi, 513 p. :
Illustrations map. ;
Size 24 cm.
350 ## - PRICE (NR) (BK AM CF MU VM SE) [OBSOLETE]
Price $17.50
504 ## - BIBLIOGRAPHY, ETC. NOTE
Bibliography, etc Includes Bibliography: p. [483]-495 and index.
651 #0 - SUBJECT ADDED ENTRY--GEOGRAPHIC NAME
Geographic name Japan
General subdivision History
Chronological subdivision Restoration, 1853-1870.
9 (RLIN) 77056
856 42 - ELECTRONIC LOCATION AND ACCESS
Materials specified Publisher description
Uniform Resource Identifier <a href="http://www.loc.gov/catdir/enhancements/fy1206/72078868-d.html">http://www.loc.gov/catdir/enhancements/fy1206/72078868-d.html</a>
942 ## - ADDED ENTRY ELEMENTS (KOHA)
Source of classification or shelving scheme Dewey Decimal Classification
Koha item type Books
Holdings
Lost status Source of classification or shelving scheme Damaged status Not for loan Collection code Permanent Location Current Location Shelving location Date acquired Source of acquisition Cost, normal purchase price Total Checkouts Full call number Date last seen Copy number Koha item type
  Dewey Decimal Classification     Non-fiction Central Library, University of Rajshahi Central Library, University of Rajshahi   24/04/1979 Japan Foundation 0.00   952.031 BEM 1972 16/03/2014 C-2 Books